Missing Word: Movies, Books & Music (R) Quiz Stats

 Plays Quiz Updated Aug 11, 2018

Challenge
Share
Tweet
Embed
Score 0/21 Timer 02:00
7 Plays Today
Hint Answer % Correct
MusicRed
97.5%
MusicReindeer
97.3%
MusicRing
97.2%
BooksRye
96.6%
BooksRoom
94.4%
BooksRobinson
92.6%
MusicRolling
92.1%
MusicRaindrops
91.3%
BooksRings
90.5%
MusicRadio
89.3%
BooksRabbit
88%
Hint Answer % Correct
MoviesRaging
86.1%
MoviesRear
84.9%
MoviesReservoir
79%
BooksRevisited
72.2%
MoviesRemember
70.3%
MoviesRobot
65.4%
MoviesRemains
63.4%
MoviesRun
52.3%
MusicRivers
32.2%
BooksRainbow
32.2%

Today's Daily Dose

Word Ladder
King of the...

Quick Pick
The Doors Songs

On This Day
August 17th II

You're not logged in!

Compare scores with friends on all Sporcle quizzes.
Join for Free
OR
Log In

You Might Also Like...

Show Comments

Extras

Top Quizzes Today


Score Distribution

Your Account Isn't Verified!

In order to create a playlist on Sporcle, you need to verify the email address you used during registration. Go to your Sporcle Settings to finish the process.

Report this User

Report this user for behavior that violates our Community Guidelines.

Details: